000 00528nam a2200133Ia 4500
008 171212s9999 xx 000 0 und d
020 _a9780823272174
100 _aBerkowitz, Roger;Storey, Ian
245 _cBerkowitz, Roger;Storey, Ian
_aArtifacts of Thinking
_bReading Hannah Arendt's Denktagebuch
260 _bFordham University Press
_c2017
650 _aArendt, Hannah, 1906–1975 Denktagebuch; Political science -- History -- 20th century
650 _aPolitical Science
856 _uhttp://jstor.org/stable/j.ctt1hfr0q2
999 _c351475
_d351475